Statistics for U.S. Presidents by fun fact

Click here to take the quiz!

General Stats

  • This quiz has been taken 184 times
  • The average score is 10 of 15

Answer Stats

HintAnswer% Correct
First Republican U.S. PresidentAbraham Lincoln
91%
Oldest U.S. PresidentRonald Reagan
84%
Only President to be elected twice non sequentiallyGrover Cleveland
78%
Youngest U.S. PresidentTheodore Roosevelt
77%
Was never elected as a President or Vice PresidentGerald Ford
76%
2nd President to be assassinatedJames Garfield
75%
Served as Chief Justice of the Supreme Court after his PresidencyWilliam Taft
71%
As a lawyer this president defended the British soldiers involved in the Boston MassacreJohn Adams
71%
Shortest U.S. PresidentJames Madison
69%
This U.S. President had the highest and lowest approval ratings in U.S. history (as of April 2016)George W. Bush
66%
Only U.S. President to never marryJames Buchanan
66%
The capital of Liberia was named after this PresidentJames Monroe
62%
Oversaw the end of the military draft and advocated for an all volunteer militaryRichard Nixon
54%
“The white men were roused by a mere instinct of self-preservation—until at last there had sprung into existence a great Ku Klux Klan, a veritable empire of the South, to protect the Southern country.” Name the President quoted aboveWoodrow Wilson
40%
President who signed the "Indian Citizenship Act" granting U.S. citizenship to all American IndiansCalvin Coolidge
24%

Score Distribution

Percentile by Number Answered

Percent of People with Each Score

Your Score History

You have not taken this quiz